000 00437nam a2200169Ia 4500
005 20250327102303.0
008 231207s9999 xx 000 0 und d
040 _cPK-LaNCA
082 _aMPH 181.9
_bGR
100 _aGril, Evan P. Mic
245 0 _aMashriq Kay Azeem Mufakkir
_bمشرق کے عظیم مفکر
260 _bTakhliqaat
_aLahore
_c1997
300 _a455p
546 _aUrdu
650 _aPhilosophy
942 _cM.PHIL.
999 _c10225
_d10225